000 00335 a2200157 4500
001 59599
020 _a9783468497452
040 _cAnchieta - Pituba
100 _aLeo
240 1 0 _aGebrochene herzen
_lpor
245 1 0 _aGebrochene herzen
300 _a64
362 0 _a2008
650 4 _aLiteratura juvenil em alemão
942 _cBK
999 _c59599
_d59599